000 00523nam a22001697a 4500
003 UA-OsUOA
001 6768
007 ta
008 20040526b un ||||| |||| 00| 0 ukr d
942 _cSA
040 _aUA-OsUOA
_cUA-OsUOA
_dUA-OsUOA
245 _aУмови і оплата праці медичних працівників
_c:[відповіді на запитання]
300 _aС.10
955 _a0
773 0 _w0
_tПраця і зарплата
_dКиїв
_d2004
_g№19
650 7 _aОплата праці
_2UDC
999 _c292929
_d292929